Normal view MARC view
  • Salud

Entry Materia

Number of records used in: 58

001 - NÚMERO DE CONTROL DEL REGISTRO

  • campo de control: 8453

003 - IDENTIFICADOR DE NUMERO DE CONTROL

  • campo de control: UPN

005 - FECHA Y HORA DE LA ÚLTIMA TRANSACCIÓN

  • campo de control: 20220911205337.0

008 - DATOS DE LONGITUD FIJA

  • campo de control de longitud fija: 220911nn acannaabn n ana d

035 ## - NÚMERO DE CONTROL DEL SISTEMA

  • Número de control del sistema: UPN10000008459

040 ## - FUENTE DE LA CATALOGACIÓN

  • Lengua de catalogación: SPA
  • Agencia de transcripción: UPN
  • Centro catalogador de origen: UPN

046 ## - FECHAS CON CODIFICACIÓN ESPECIAL

  • Fecha final para contenidos agregados: 2022

150 ## - ENCABEZAMIENTO - TEMÁTICO

  • Término de materia o nombre geográfico como elemento inicial: Salud

360 ## - REFERENCIA COMPLEJA DE VÉASE ADEMÁS - MATERIA

  • Texto explicativo: como subdivisión
  • Encabezamiento al que se remite: SALUD
  • Texto explicativo: bajo nombres individuales de personas y familias; como subdivisión
  • Encabezamiento al que se remite: CUIDADO E HIGIENE ;
  • Texto explicativo: bajo partes del cuerpo, Ej.:
  • Encabezamiento al que se remite: PIES - CUIDADO E HIGIENE
  • Texto explicativo: También la subdivisión
  • Encabezamiento al que se remite: SALUD E HIGIENE
  • Texto explicativo: bajo clases de personas y grupos étnicos

550 ## - VÉASE ADEMÁS - MATERIA

  • Encabezamiento temático o nombre geográfico como elemento de entrada: Higiene

670 ## - FUENTE EN LA QUE SE LOCALIZARON DATOS

  • Cita de la fuente: LC
  • Información localizada: Health

680 ## - NOTA GENERAL CON DESPLIEGUE PÚBLICO

  • Texto explicativo: Aquí se asientan las obras sobre el bienestar físico, mental y social óptimos, así como su obtención y conservación. Los trabajos sobre el cuidado del cuerpo así como su limpieza, se asientan bajo
  • Encabezamiento: HIGIENE

681 ## - NOTA DE ENVÍO A EJEMPLOS DE ENCABEZAMIENTO TEMÁTICO

  • Texto explicativo: Nota bajo
  • Encabezamiento: HIGIENE

902 ## - CATALOGADOR

  • Catalogador: BDV/101207